• 首页
  • 本馆介绍
  • 公告通知
  • 最新文献
  • 馆藏检索
  • 电子资源
  • 读者导购
  • 参考咨询
  • 我的图书馆
  • 登录
  • 详细信息显示
  • 放入我的书架
  • 预约/预借图书
  • 作者相关作品
  • 分类相关作品
  • 丛书相关作品
  • 出版社相关作品

书目信息

  • 表格格式
  • 工作单格式
  • 卡片格式
书名: Teaching to change the world
作者: Jeannie Oakes, Martin Lipton.
分册号:
分册名:
出版地: Boston, Mass. :
 
出版社: McGraw-Hill
出版时间: c2003.
页数: xxiii, 448, [20] p. :
开本: 24 cm.
丛书名:
中图分类号:
科图分类号:
其他分类号: G571.21
主题词:
电子资源: http://www.loc.gov/catdir/toc/mh031/2002070283.html      http://www.loc.gov/catdir/description/mh024/2002070283.html     
000 00828cam 2200241 a 4500
001 E0731503772
005 20070320085137.28
020    @a0072407387 (softcover : alk. paper).
090    @aG571.21
099    @dG571.21@ex6=2
100 1  @aOakes, Jeannie.
245 10 @aTeaching to change the world / @cJeannie Oakes, Martin Lipton.
250    @a2nd ed.
260    @aBoston, Mass. :@bMcGraw-Hill,@cc2003.
300    @axxiii, 448, [20] p. :@bill. ;@c24 cm.
504    @aIncludes bibliographical references (p. B1-B10) and index.
700 1  @aLipton, Martin,@d1942-
856 41 @3Table of contents@uhttp://www.loc.gov/catdir/toc/mh031/2002070283.html
856 42 @3Publisher description@uhttp://www.loc.gov/catdir/description/mh024/2002070283.html
920    @a221020@z1
920    @a242250@z2
920    @a244010@z1
998    @aZSU
    
    Teaching to change the world / / Jeannie Oakes, Martin Lipton.-2nd ed.-Boston, Mass. : : McGraw-Hill, , c2003.
    xxiii, 448, [20] p. : : ill. ; ; 24 cm.
    Includes bibliographical references (p. B1-B10) and index.
    
    ISBN 0072407387 (softcover : alk. paper).
    
●
相关链接 在E读中查询图书 在五车中查询图书 在当当中查询图书 在豆瓣中查询图书


正题名:Teaching to change the world     索取号:G571.21/x6=2         预约/预借

序号 登录号 条形码 馆藏地/架位号 状态 备注
1 0002953   300029537   第四借阅区/ [索取号:G571.21/x6=2] 在馆    
2 0003093   300030936   第二样本阅览室/ [索取号:G571.21/x6=2] 在馆    
3 0003094   300030945   第四借阅区/ [索取号:G571.21/x6=2] 在馆    
4 0003095   300030954   第四借阅区/ [索取号:G571.21/x6=2] 在馆    
5 0003096   300030963   第四借阅区/ [索取号:G571.21/x6=2] 在馆    
6 0003420   300034200   第四借阅区/ [索取号:G571.21/x6=2] 在馆    
唐山师范学院图书馆 欢迎您!
大连网信软件有限公司© 版权所有